Derecho político español según la constitución de 1978

Gespeichert in:
Bibliographische Detailangaben
Hauptverfasser: Alzaga Villaamil, Oscar (VerfasserIn), Gutiérrez Gutiérrez, Ignacio (VerfasserIn), Reviriego Picón, Fernando (VerfasserIn), Salvador Martínez, María (VerfasserIn), Alguacil González-Aurioles, Jorge (VerfasserIn)
Format: Buch
Sprache:Spanisch
Veröffentlicht: Madrid Centro de Estudios Ramón Areces S.A 2017
Ausgabe:6a. ed
Schlagworte:
Online-Zugang:tapa t.2
Tags: Tag hinzufügen
Keine Tags, Fügen Sie den ersten Tag hinzu!

MARC

LEADER 00000cam a2200000 a 4500
001 UCC9530
003 CL-VaPUC
008 191004e20170000sp |||||||||||||||||spa|d
020 |a 9788499612362t.2 
082 0 4 |a 342.46  |b ALZ  |2 21 
100 0 |a Alzaga Villaamil, Oscar  |e author  |9 604658 
700 0 |a Gutiérrez Gutiérrez, Ignacio  |e author  |9 604659 
700 0 |a Reviriego Picón, Fernando  |e author  |9 604660 
700 0 |a Salvador Martínez, María  |e author  |9 604661 
700 0 |a Alguacil González-Aurioles, Jorge  |e author  |9 604662 
245 1 0 |a Derecho político español según la constitución de 1978 
250 |a 6a. ed 
300 |a t 
942 |c BK 
945 |d 20191004 13:59:00  |a dcastane 
260 |a Madrid  |b Centro de Estudios Ramón Areces S.A  |c 2017 
500 |a t.2: derechos fundamentales y órganos del Estado 
650 0 |a Derecho español  |9 255291 
650 7 |a DERECHO CONSTITUCIONAL ESPAÑOL  |2 CL-VaPUC  |9 435214 
856 7 |f UCC9530_01.jpg  |u http://opac.pucv.cl/pucv_img/Img-9500/UCC9530_01.jpg  |q JEPG  |2 file  |z tapa t.2 
583 |a last modification  |c 20191004 13:59:00  |k Rodrigo Vera 
999 |c 375710  |d 375708 
952 |0 0  |1 0  |3 erb  |4 0  |6 342_460000000000000_ALZ_2017  |7 0  |8 WP_COW  |9 561513  |a BIBDER  |b BIBDER  |e Fundación W and P Cowley  |h t.2  |i 5605857  |o 342.46 ALZ 2017  |p 5605857  |r 2023-01-25  |w 2020-03-12  |y BK  |z Catalogado en:20191004  |k WPC